000
00218 a2200097 4500
001
8651
090
_c
6970
_d
6970
100
_a
Gallerman S.W
245
_a
Motivation in the real world
260
_b
A Plume Book
_c
1993
942
_a
NUST-CAE
_k
658.314 GEL
999
_c
243724
_d
243724